[Event "3rd Asia-ch"]
[Site "Kolkata IND"]
[Date "2001.08.14"]
[Round "8"]
[White "Dableo, Ronald"]
[Black "Hoang Thanh Trang"]
[Result "1-0"]
[WhiteElo "2310"]
[BlackElo "2445"]
[EventDate "2001.08.09"]
[PlyCount "148"]

1.g3 f5 2.Bg2 Nf6 3.d3 e5 4.c4 g6 5.e4 fxe4 6.dxe4 Bg7 7.Ne2 O-O 8.O-O d6 
9.Nbc3 Be6 10.Qd3 Nc6 11.Nd5 Qd7 12.f3 Nh5 13.Be3 Nd8 14.Rad1 Nf7 15.b3 b6
16.Qd2 Kh8 17.Nb4 Nf6 18.Kh1 Ng8 19.Nd3 Rad8 20.Nf2 Ne7 21.Nc3 c6 22.f4 
Qc8 23.Qc1 Qa6 24.Nd3 Bg4 25.Rde1 exf4 26.gxf4 d5 27.exd5 cxd5 28.Nb4 Qa5 
29.Ncxd5 Nxd5 30.Nc6 Nxe3 31.Nxa5 Nxg2 32.Kxg2 bxa5 33.Re7 Rd3 34.Re3 Rfd8
35.Rfe1 Bf6 36.h3 Bf5 37.Rxd3 Rxd3 38.Re3 Rd4 39.c5 Kg7 40.c6 Rxf4 41.c7 
Bc8 42.Qc6 Rd4 43.Re8 Rd2+ 44.Kg3 Nd6 45.Rxc8 Nxc8 46.Qb7 Rc2 47.Qxc8 Be5+
48.Kf3 Rxc7 49.Qa6 Bc3 50.a3 Re7 51.Qd6 Bf6 52.Qc5 Rf7 53.Kg2 Bd8 54.Qd4+ 
Bf6 55.Qd2 a4 56.b4 Be5 57.Qd1 g5 58.Qxa4 Bf4 59.Qd1 Rc7 60.Qd4+ Kg6 61.
Qd3+ Kf6 62.a4 h5 63.a5 Re7 64.b5 Be3 65.Qd6+ Re6 66.Qf8+ Kg6 67.Qg8+ Kf5 
68.Qf7+ Ke5 69.Qxh5 Kd6 70.Qd1+ Kc7 71.Qc2+ Kd7 72.Kf3 Bf4 73.Qc5 Bc7 74.
Qxa7 Rf6+ 1-0

[Event "3rd Asia-ch"]
[Site "Kolkata IND"]
[Date "2001.08.14"]
[Round "8"]
[White "Djao Thien Hai"]
[Black "Liu, Dede"]
[Result "0-1"]
[WhiteElo "2572"]
[BlackElo "2402"]
[EventDate "2001.08.09"]
[PlyCount "72"]

1.d4 d5 2.c4 e6 3.Nc3 Nf6 4.cxd5 exd5 5.Bg5 Be7 6.e3 c6 7.Bd3 h6 8.Bh4 O-O
9.Qc2 Re8 10.Nge2 Nbd7 11.O-O Nh5 12.Bxe7 Qxe7 13.Rae1 Nf8 14.Nc1 Be6 15.
Nb3 Rad8 16.Rb1 Bc8 17.Nd2 Nf6 18.b4 b5 19.Nf3 Rd6 20.Rfe1 Ne4 21.Bxe4 
dxe4 22.Nd2 f5 23.f3 Rg6 24.Rb2 Qh4 25.Re2 Kh8 26.fxe4 fxe4 27.Rf2 Rge6 
28.Rf4 Qh5 29.Ndxe4 Ng6 30.Rf1 Qg4 31.h3 Qh5 32.Qd3 Nh4 33.Rbf2 Qg6 34.g4 
Rxe4 35.Nxe4 Rxe4 36.Rf4 Rxf4 0-1

[Event "3rd Asia-ch"]
[Site "Kolkata IND"]
[Date "2001.08.14"]
[Round "8"]
[White "Ganguly, Surya Shekhar"]
[Black "Vladimirov, Evgeny"]
[Result "1/2-1/2"]
[WhiteElo "2464"]
[BlackElo "2612"]
[EventDate "2001.08.09"]
[PlyCount "65"]

1.e4 c5 2.Nf3 Nc6 3.d4 cxd4 4.Nxd4 Nf6 5.Nc3 d6 6.Be2 e6 7.O-O Bd7 8.Be3 
Nxd4 9.Qxd4 Bc6 10.Rad1 a6 11.f4 Be7 12.f5 e5 13.Qd3 O-O 14.Bg5 Ne8 15.
Bxe7 Qxe7 16.a4 Qc7 17.Kh1 Rd8 18.f6 Nxf6 19.Rxf6 gxf6 20.b4 b5 21.Qg3+ 
Kh8 22.Qh4 Rg8 23.axb5 axb5 24.Qxf6+ Rg7 25.Bxb5 Bb7 26.Rd3 Kg8 27.Rg3 Rg6
28.Bc4 Qxc4 29.Qxd8+ Kg7 30.Qb6 Ba8 31.Qb5 Qd4 32.Rf3 Qd2 33.Rxf7+ 1/2-1/2

[Event "3rd Asia-ch"]
[Site "Kolkata IND"]
[Date "2001.08.14"]
[Round "8"]
[White "Ghaem Maghami, Ehsan"]
[Black "Zagrebelny, Sergei"]
[Result "1-0"]
[WhiteElo "2509"]
[BlackElo "2466"]
[EventDate "2001.08.09"]
[PlyCount "155"]

1.e4 c5 2.Nf3 d6 3.d4 cxd4 4.Nxd4 Nf6 5.Nc3 a6 6.g3 e5 7.Nde2 b5 8.Bg2 Bb7
9.O-O Nbd7 10.h3 Be7 11.g4 b4 12.Nd5 Nxd5 13.exd5 Bg5 14.Bxg5 Qxg5 15.Ng3 
a5 16.a3 O-O 17.Ne4 Qg6 18.axb4 axb4 19.Qd2 Rfb8 20.Rfd1 h6 21.b3 Ra6 22.
Rxa6 Bxa6 23.Ra1 Rb6 24.Ra4 Bb7 25.Rxb4 Bxd5 26.Rxb6 Nxb6 27.Qb4 Nd7 28.
Qxd6 Bxe4 29.Qxd7 Bxg2 30.Qc8+ Kh7 31.Kxg2 Qe4+ 32.Kh2 Qf4+ 33.Kg1 g6 34.
Qc3 e4 35.b4 h5 36.Qe3 Qe5 37.g5 Qd5 38.Kg2 h4 39.Qc5 Qd1 40.Kh2 Qe2 41.c3
Kg8 42.Qd4 Qd3 43.Qc5 Qe2 44.b5 e3 45.Qxe3 Qxb5 46.Qf4 Qc6 47.c4 Qc8 48.
Qxh4 Qf5 49.Qg3 Qc5 50.Qf4 Qb6 51.Kg2 Qc5 52.h4 Qc6+ 53.Kg3 Qh1 54.Qd4 
Qg1+ 55.Kf3 Qh1+ 56.Ke2 Qh3 57.c5 Qg2 58.Qc4 Qc6 59.f3 Qe8+ 60.Kf2 Qc6 61.
Qc3 Kh7 62.Kg3 Qc7+ 63.Kg2 Qc6 64.Qf6 Qxc5 65.Qxf7+ Kh8 66.Qf6+ Kh7 67.h5 
gxh5 68.Qf7+ Kh8 69.g6 Qg5+ 70.Kh3 Qh4+ 71.Kg2 Qg5+ 72.Kf1 Qh6 73.Qf6+ Kg8
74.Kg2 Qd2+ 75.Kh3 Qd7+ 76.Kh4 Qd5 77.Qe7 Qd4+ 78.Kh3 1-0

[Event "3rd Asia-ch"]
[Site "Kolkata IND"]
[Date "2001.08.14"]
[Round "8"]
[White "Harikrishna, Pentala"]
[Black "Vakhidov, Tahir"]
[Result "1/2-1/2"]
[WhiteElo "2522"]
[BlackElo "2474"]
[EventDate "2001.08.09"]
[PlyCount "24"]

1.Nf3 Nf6 2.c4 c5 3.Nc3 d5 4.cxd5 Nxd5 5.e4 Nb4 6.Bb5+ N8c6 7.d4 cxd4 8.a3
dxc3 9.Qxd8+ Kxd8 10.axb4 cxb2 11.Bxb2 Bd7 12.O-O e6 1/2-1/2

[Event "3rd Asia-ch"]
[Site "Kolkata IND"]
[Date "2001.08.14"]
[Round "8"]
[White "Hossain, Enamul"]
[Black "Hakki, Imad"]
[Result "1/2-1/2"]
[WhiteElo "2353"]
[BlackElo "2428"]
[EventDate "2001.08.09"]
[PlyCount "89"]

1.e4 c5 2.Nf3 Nc6 3.d4 cxd4 4.Nxd4 Nf6 5.Nc3 d6 6.Bg5 e6 7.Qd2 a6 8.O-O-O 
Bd7 9.f4 b5 10.Nxc6 Bxc6 11.Qe1 Be7 12.e5 Nd5 13.Bxe7 Qxe7 14.Ne4 dxe5 15.
fxe5 O-O 16.Bd3 Nf4 17.Qe3 Nxd3+ 18.Rxd3 Qh4 19.Rd4 Qh5 20.Ng3 Qg6 21.Rhd1
Rac8 22.R1d2 Bd5 23.h3 f5 24.Ne2 Be4 25.Nf4 Qf7 26.Qb3 Rfe8 27.h4 Rc7 28.
g3 g6 29.Rd6 Rc4 30.Rxa6 Rec8 31.c3 b4 32.Rd8+ Rxd8 33.Qxc4 bxc3 34.bxc3 
Bd5 35.Nxd5 Rxd5 36.Rd6 Kg7 37.Rxd5 exd5 38.Qc6 Qa7 39.Qf6+ Kh6 40.Qg5+ 
Kg7 41.Qf6+ Kh6 42.e6 Qe3+ 43.Kb2 Qe2+ 44.Ka3 Qa6+ 45.Kb2 1/2-1/2

[Event "3rd Asia-ch"]
[Site "Kolkata IND"]
[Date "2001.08.14"]
[Round "8"]
[White "Konguvel, Ponnuswamy"]
[Black "Annageldiev, Orazly"]
[Result "1-0"]
[WhiteElo "2371"]
[BlackElo "2485"]
[EventDate "2001.08.09"]
[PlyCount "72"]

1.e4 c5 2.Nf3 Nc6 3.d4 cxd4 4.Nxd4 Qb6 5.Nb3 Nf6 6.Nc3 e6 7.Bd3 a6 8.Be3 
Qc7 9.f4 d6 10.Qe2 Be7 11.O-O-O b5 12.g4 Bb7 13.g5 Nd7 14.Rhf1 Nc5 15.Kb1 
Na5 16.Bd4 O-O 17.Nxa5 Qxa5 18.Qh5 g6 19.Qh6 e5 20.Rf3 f6 21.f5 Rf7 22.
fxg6 hxg6 23.gxf6 Rxf6 24.Rxf6 Bxf6 25.Qxg6+ Bg7 26.Bxc5 dxc5 27.Rf1 Rf8 
28.Rxf8+ Kxf8 29.Qd6+ Kg8 30.Qb8+ Kh7 31.Qxb7 c4 32.Be2 b4 33.Qd5 Qb6 34.
Nd1 c3 35.Bg4 Qg1 36.Bf5+ Kh6 1-0

[Event "3rd Asia-ch"]
[Site "Kolkata IND"]
[Date "2001.08.14"]
[Round "8"]
[White "Kotsur, Pavel"]
[Black "Sriram, Jha"]
[Result "1-0"]
[WhiteElo "2600"]
[BlackElo "2399"]
[EventDate "2001.08.09"]
[PlyCount "100"]

1.e4 c5 2.Nf3 Nc6 3.d4 cxd4 4.Nxd4 Nf6 5.Nc3 e5 6.Ndb5 d6 7.Bg5 a6 8.Na3 
Be6 9.Nc4 Rc8 10.Bxf6 gxf6 11.Ne3 Bh6 12.Ned5 f5 13.exf5 Bxf5 14.Bd3 Qg5 
15.Bxf5 Qxf5 16.O-O O-O 17.Ne4 Rcd8 18.Ng3 Qe6 19.c3 f5 20.f4 e4 21.Qd2 
Bg7 22.Kh1 Rf7 23.Ne2 Kh8 24.Rfd1 Qg6 25.Ng3 Qe6 26.Qe3 Rg8 27.Rd2 Bf8 28.
Nf1 Rg6 29.Rad1 Rfg7 30.c4 Rf7 31.b4 Kg8 32.a4 Bh6 33.Qb6 Ne7 34.Qd8+ Bf8 
35.Nfe3 Nxd5 36.Rxd5 Qf6 37.Qxf6 Rgxf6 38.b5 Rc7 39.Rb1 Rff7 40.g3 Rc5 41.
bxa6 bxa6 42.Rb6 Rxd5 43.Nxd5 Ra7 44.Ne3 Kf7 45.Nxf5 Ke6 46.g4 Rc7 47.Ne3 
Bg7 48.Rxa6 Bd4 49.Nf5 Bc5 50.Ra5 e3 1-0

[Event "3rd Asia-ch"]
[Site "Kolkata IND"]
[Date "2001.08.14"]
[Round "8"]
[White "Kunte, Abhijit"]
[Black "Prasad, Devaki"]
[Result "1-0"]
[WhiteElo "2547"]
[BlackElo "2440"]
[EventDate "2001.08.09"]
[PlyCount "55"]

1.e4 e6 2.Qe2 c5 3.Nf3 Nc6 4.g3 g6 5.Bg2 Bg7 6.c3 Nge7 7.h4 h5 8.O-O d6 9.
d3 O-O 10.a3 Rb8 11.Be3 b5 12.b4 cxb4 13.axb4 a6 14.d4 Qc7 15.Nbd2 Bb7 16.
Rfc1 Rbc8 17.Rab1 Nd8 18.Bg5 f6 19.Be3 f5 20.Bg5 fxe4 21.Nxe4 Bd5 22.Ra1 
Nf5 23.Ne1 Qc6 24.Nd3 Nb7 25.Nf4 Kf7 26.Nxd5 exd5 27.Qa2 Qc4 28.Nxd6+ 1-0

[Event "3rd Asia-ch"]
[Site "Kolkata IND"]
[Date "2001.08.14"]
[Round "8"]
[White "Li Wenliang"]
[Black "Yurtaev, Leonid"]
[Result "1/2-1/2"]
[WhiteElo "2494"]
[BlackElo "2543"]
[EventDate "2001.08.09"]
[PlyCount "82"]

1.d4 Nf6 2.c4 g6 3.Nc3 Bg7 4.e4 d6 5.Nf3 O-O 6.Be2 e5 7.Be3 Nbd7 8.O-O Re8
9.d5 Ng4 10.Bg5 f6 11.Bh4 Nf8 12.Nd2 h5 13.b4 a5 14.bxa5 Rxa5 15.Nb3 Ra8 
16.c5 Nh6 17.cxd6 cxd6 18.f3 g5 19.Bf2 Ng6 20.a4 Nf4 21.a5 Bh3 22.gxh3 Qc8
23.Be3 Qxc3 24.Bxf4 exf4 25.Qd3 Qc8 26.Kg2 f5 27.Rac1 Qd7 28.Kh1 Rac8 29.
Rxc8 Rxc8 30.Nd4 fxe4 31.Qxe4 Bxd4 32.Qxd4 Qc7 33.Qb4 Nf5 34.Bd3 Qd7 35.
Bxf5 Qxf5 36.Qxd6 Re8 37.Rg1 Kf7 38.Qh6 Qxh3 39.Qh7+ Kf6 40.Qh6+ Kf7 41.
Qh7+ Kf6 1/2-1/2

[Event "3rd Asia-ch"]
[Site "Kolkata IND"]
[Date "2001.08.14"]
[Round "8"]
[White "Lodhi, Mahmood"]
[Black "Al-Sayed, Mohamad Naser"]
[Result "0-1"]
[WhiteElo "2410"]
[BlackElo "2299"]
[EventDate "2001.08.09"]
[PlyCount "72"]

1.d4 Nf6 2.Nf3 g6 3.g3 Bg7 4.Bg2 O-O 5.O-O d6 6.c4 Nc6 7.Nc3 a6 8.e4 Bg4 
9.Qd3 Nd7 10.Be3 Bxf3 11.Bxf3 e5 12.d5 Nd4 13.Bg2 c5 14.dxc6 bxc6 15.f4 
Rb8 16.Rf2 Nc5 17.Qd1 Qa5 18.Rc1 f5 19.b3 Rbd8 20.h3 Nce6 21.Ne2 fxe4 22.
Bxe4 d5 23.cxd5 cxd5 24.Bb1 Nxe2+ 25.Qxe2 e4 26.Kg2 Rd6 27.Qd1 Rfd8 28.f5 
gxf5 29.Rxf5 Qa3 30.Qh5 d4 31.Bxe4 dxe3 32.Rcf1 h6 33.Qf7+ Kh8 34.Kh1 e2 
35.Qg6 exf1=Q+ 36.Rxf1 Ng5 0-1

[Event "3rd Asia-ch"]
[Site "Kolkata IND"]
[Date "2001.08.14"]
[Round "8"]
[White "Mahjoob, Morteza"]
[Black "Liang Chong"]
[Result "0-1"]
[WhiteElo "2335"]
[BlackElo "2556"]
[EventDate "2001.08.09"]
[PlyCount "128"]

1.e4 c6 2.d4 d5 3.Nd2 dxe4 4.Nxe4 Nd7 5.Nf3 Ngf6 6.Nxf6+ Nxf6 7.Ne5 Nd7 8.
Be3 Nxe5 9.dxe5 Bf5 10.Qxd8+ Rxd8 11.c3 a6 12.Be2 e6 13.f4 Be7 14.Kf2 h6 
15.h4 h5 16.g3 Bd3 17.Bb6 Rd7 18.Bxd3 Rxd3 19.Rhd1 Rd5 20.c4 Rd7 21.Kf3 c5
22.Ba5 b5 23.cxb5 axb5 24.a4 bxa4 25.Bc3 Ra7 26.Ke4 O-O 27.Kd3 Rd8+ 28.Kc4
Rxd1 29.Rxd1 a3 30.bxa3 Rxa3 31.Rd7 Kf8 32.Rb7 f6 33.f5 exf5 34.exf6 Bxf6 
35.Bxf6 gxf6 36.Kxc5 Rxg3 37.Rh7 Re3 38.Kd4 Re5 39.Ra7 Re7 40.Ra5 Re4+ 41.
Kd3 Re5 42.Ra7 Re4 43.Rb7 Rxh4 44.Ke3 Rg4 45.Rh7 Rg5 46.Kf3 Kg8 47.Rb7 h4 
48.Rb4 Rh5 49.Kg2 h3+ 50.Kh2 Kf7 51.Rb1 f4 52.Rb4 Rh4 53.Rb5 Kg6 54.Ra5 
Rh5 55.Ra3 Kf5 56.Ra5+ Kg4 57.Ra8 f5 58.Rg8+ Rg5 59.Ra8 f3 60.Ra2 f4 61.
Rc2 Re5 62.Rc8 f2 63.Rc1 Re1 64.Rxe1 fxe1=N 0-1

[Event "3rd Asia-ch"]
[Site "Kolkata IND"]
[Date "2001.08.14"]
[Round "8"]
[White "Mallahi, Amir"]
[Black "Magai, Vladimir"]
[Result "1/2-1/2"]
[WhiteElo "2416"]
[BlackElo "2537"]
[EventDate "2001.08.09"]
[PlyCount "158"]

1.e4 e5 2.Nc3 Nf6 3.f4 d5 4.fxe5 Nxe4 5.Nf3 Be7 6.Qe2 Nxc3 7.dxc3 c5 8.Bf4
Nc6 9.O-O-O Be6 10.Kb1 Qd7 11.Qf2 Qc7 12.Qg3 h6 13.Qxg7 O-O-O 14.Qg3 Qa5 
15.Nd2 Qa4 16.Be2 Rhg8 17.Qf2 b5 18.g3 c4 19.Be3 b4 20.Bc5 Rge8 21.cxb4 
Nxb4 22.Bxb4 Bxb4 23.c3 Bf8 24.Ka1 d4 25.cxd4 c3 26.b3 Qxd4 27.Qxd4 Rxd4 
28.Nc4 Rxd1+ 29.Rxd1 Bxc4 30.Bxc4 Rxe5 31.Kb1 Ba3 32.Kc2 Rf5 33.Kxc3 Rf2 
34.b4 Bb2+ 35.Kb3 Be5 36.Rd3 Kc7 37.h3 f5 38.Be6 Bd6 39.Ka4 Re2 40.Bd5 Rh2
41.g4 fxg4 42.hxg4 Rh4 43.Rc3+ Kd7 44.Bc6+ Ke7 45.Re3+ Kd8 46.Re6 Be7 47.
Re4 Bd6 48.Kb5 Rh2 49.Bd5 Rd2 50.Bb3 Bg3 51.Re6 Rd6 52.Re2 Rb6+ 53.Kc4 Bd6
54.a3 Be7 55.Ba4 Ra6 56.Rd2+ Rd6 57.Re2 Ra6 58.Kb3 Rd6 59.Bb5 Rd4 60.Re6 
Rd6 61.Re4 Rd5 62.Bc4 Rd6 63.Re5 Bg5 64.Bd5 Bf6 65.Rf5 Kc7 66.Kc4 Bg5 67.
Rf3 Rf6 68.Rg3 Kb6 69.Be4 Rf4 70.Kd5 a5 71.bxa5+ Kxa5 72.Ke5 Rf1 73.Rb3 
Ra1 74.Bc6 Rc1 75.Kd5 Rd1+ 76.Ke6 Re1+ 77.Kd7 Rg1 78.Rb4 Rg3 79.Rb5+ Ka6 
1/2-1/2

[Event "3rd Asia-ch"]
[Site "Kolkata IND"]
[Date "2001.08.14"]
[Round "8"]
[White "Moradiabadi, Elshan"]
[Black "Izmukhambetov, Salauat"]
[Result "0-1"]
[WhiteElo "2404"]
[BlackElo "2352"]
[EventDate "2001.08.09"]
[PlyCount "82"]

1.d4 d5 2.c4 c6 3.Nf3 Nf6 4.Qc2 dxc4 5.Qxc4 Bf5 6.Nc3 e6 7.Qb3 Qb6 8.Qxb6 
axb6 9.Nh4 Bc2 10.Bd2 h6 11.Rc1 Bh7 12.g3 Nbd7 13.Bg2 b5 14.a3 Nb6 15.Nd1 
Ne4 16.Bxe4 Bxe4 17.O-O Be7 18.Ng2 O-O 19.f3 Bh7 20.e3 Rfd8 21.Rf2 Rd7 22.
Ne1 e5 23.Nc2 Bxc2 24.Rxc2 exd4 25.exd4 Rxd4 26.Ne3 Rd3 27.Kg2 Re8 28.Bc1 
h5 29.Rfe2 Bf8 30.Nf5 Rxe2+ 31.Rxe2 g6 32.Ne3 Bc5 33.Nc2 Rd1 34.Bh6 Kh7 
35.Be3 Bxe3 36.Nxe3 Rd3 37.Kf2 Na4 38.Rc2 Kg7 39.Ke2 Rb3 40.Nd1 c5 41.h4 
c4 0-1

[Event "3rd Asia-ch"]
[Site "Kolkata IND"]
[Date "2001.08.14"]
[Round "8"]
[White "Nolte, Rolando"]
[Black "Isaev, Jamshed"]
[Result "1-0"]
[WhiteElo "2324"]
[BlackElo "2454"]
[EventDate "2001.08.09"]
[PlyCount "79"]

1.e4 c5 2.Nf3 Nc6 3.d4 cxd4 4.Nxd4 Nf6 5.Nc3 e5 6.Ndb5 d6 7.Bg5 a6 8.Na3 
b5 9.Bxf6 gxf6 10.Nd5 Bg7 11.Bd3 Ne7 12.Nxe7 Qxe7 13.c3 f5 14.O-O O-O 15.
Nc2 f4 16.Qh5 Kh8 17.Nb4 Be6 18.a4 bxa4 19.Rxa4 a5 20.Rfa1 Qd8 21.Qe2 Bd7 
22.R4a3 Rg8 23.Kh1 Bf8 24.Nd5 Rg6 25.f3 a4 26.b4 Rh6 27.Qf2 Be7 28.Nxe7 
Qxe7 29.b5 Rg8 30.Rxa4 Rg3 31.Ra7 Qh4 32.Qg1 Bh3 33.Bf1 Rhg6 34.Rxf7 Bc8 
35.Raa7 Rh6 36.Rf8+ Rg8 37.Rxg8+ Kxg8 38.Ra8 Qd8 39.b6 Qd7 40.Ba6 1-0

[Event "3rd Asia-ch"]
[Site "Kolkata IND"]
[Date "2001.08.14"]
[Round "8"]
[White "Odeev, Handszar"]
[Black "Utut Adianto"]
[Result "1-0"]
[WhiteElo "2479"]
[BlackElo "2598"]
[EventDate "2001.08.09"]
[PlyCount "59"]

1.e4 c6 2.d4 d5 3.f3 e6 4.Nc3 Bb4 5.Bf4 Nf6 6.Qd3 O-O 7.Ne2 c5 8.O-O-O c4 
9.Qe3 Nc6 10.h4 Qa5 11.h5 b5 12.h6 g6 13.Bg5 Nd7 14.exd5 exd5 15.Nxd5 Qxa2
16.c3 Bd6 17.Bf4 Bxf4 18.Qxf4 f6 19.Qd6 Qa1+ 20.Kc2 Qa4+ 21.Kd2 Nd8 22.
Ne7+ Kh8 23.Nxc8 b4 24.Qe7 Nf7 25.Nd6 Kg8 26.Nf4 bxc3+ 27.bxc3 Rac8 28.
Nxc8 Rxc8 29.Be2 Rb8 30.Nd5 1-0

[Event "3rd Asia-ch"]
[Site "Kolkata IND"]
[Date "2001.08.14"]
[Round "8"]
[White "Paragua, Mark"]
[Black "Garma, Chito"]
[Result "1-0"]
[WhiteElo "2444"]
[BlackElo "2409"]
[EventDate "2001.08.09"]
[PlyCount "77"]

1.e4 e6 2.d3 d5 3.Qe2 Nf6 4.Nf3 b6 5.e5 Nfd7 6.g3 c5 7.Bg2 Na6 8.O-O Bb7 
9.c4 Nc7 10.Nc3 Qb8 11.h4 Bc6 12.Ng5 h6 13.cxd5 Nxd5 14.Nxd5 Qb7 15.Nxe6 
fxe6 16.Qh5+ Kd8 17.Nf4 Bxg2 18.Nxg2 Qd5 19.Nf4 Qxe5 20.Qf3 Rc8 21.Ng6 Qf6
22.Qxf6+ Nxf6 23.Nxh8 Ke8 24.Ng6 Bd6 25.Bf4 Kf7 26.Bxd6 Kxg6 27.Rae1 Kf7 
28.Be5 Nd5 29.f4 g6 30.h5 Rd8 31.hxg6+ Kxg6 32.g4 Nb4 33.Bc3 Nxd3 34.Rxe6+
Kf7 35.Rxh6 b5 36.f5 Rd5 37.g5 b4 38.g6+ Ke7 39.g7 1-0

[Event "3rd Asia-ch"]
[Site "Kolkata IND"]
[Date "2001.08.14"]
[Round "8"]
[White "Peng Xiaomin"]
[Black "Rahman, Ziaur"]
[Result "1-0"]
[WhiteElo "2629"]
[BlackElo "2468"]
[EventDate "2001.08.09"]
[PlyCount "113"]

1.e4 e6 2.d4 d5 3.Nd2 c5 4.Ngf3 cxd4 5.exd5 Qxd5 6.Bc4 Qd6 7.Qe2 Nf6 8.Nb3
Nc6 9.Bg5 a6 10.O-O-O b5 11.Bd3 Bb7 12.Nbxd4 Nxd4 13.Nxd4 Qd5 14.Bxf6 gxf6
15.f3 Qe5 16.Qf1 O-O-O 17.Nb3 f5 18.c3 b4 19.cxb4 Bxb4 20.Kb1 Kb8 21.Rc1 
Qd6 22.Bc4 Qb6 23.Qe2 Be7 24.Qe5+ Bd6 25.Qf6 Bf4 26.Rc2 Rhf8 27.Qh4 Be5 
28.Re1 Bh8 29.Rec1 Rd7 30.Be2 Rfd8 31.Nc5 Rd4 32.Qxh7 Bc8 33.Nb3 R4d6 34.
Qxf7 a5 35.Qh7 Bd7 36.Nc5 a4 37.a3 Be5 38.g3 Bc6 39.Qe7 Rd2 40.Na6+ Ka8 
41.Nb4 Bb7 42.Rxd2 Rxd2 43.Qe8+ Ka7 44.Qxa4+ Kb8 45.Rc2 Qg1+ 46.Ka2 Rxc2 
47.Qxc2 Qxh2 48.Qd3 Bxg3 49.Qd8+ Ka7 50.Qa5+ Kb8 51.Ba6 Qh7 52.Bxb7 Qxb7 
53.Na6+ Kc8 54.Qc3+ Bc7 55.Qxc7+ Qxc7 56.Nxc7 Kxc7 57.Kb3 1-0

[Event "3rd Asia-ch"]
[Site "Kolkata IND"]
[Date "2001.08.14"]
[Round "8"]
[White "Rahman, Syed Mahfuzur"]
[Black "Ravi, Lanka"]
[Result "0-1"]
[WhiteElo "2235"]
[BlackElo "2389"]
[EventDate "2001.08.09"]
[PlyCount "52"]

1.d4 d5 2.c4 dxc4 3.Nc3 c5 4.d5 Nf6 5.Qa4+ Nbd7 6.Qxc4 Nb6 7.Qb5+ Bd7 8.
Qd3 c4 9.Qd4 e6 10.dxe6 Bxe6 11.Nf3 Bb4 12.Bd2 Qe7 13.g3 Rd8 14.Qh4 Bg4 
15.Bg2 Rxd2 16.Kxd2 Na4 17.h3 g5 18.Qh6 Nxc3 19.bxc3 Qd6+ 20.Ke1 Bxc3+ 21.
Kf1 Bxf3 22.Rb1 Bxe2+ 23.Kg1 Rg8 24.Rxb7 Rg6 25.Qxg6 hxg6 26.Kh2 Kf8 0-1

[Event "3rd Asia-ch"]
[Site "Kolkata IND"]
[Date "2001.08.14"]
[Round "8"]
[White "Rahman, Taibur"]
[Black "Donguines, Fernie"]
[Result "1/2-1/2"]
[WhiteElo "2246"]
[BlackElo "2411"]
[EventDate "2001.08.09"]
[PlyCount "51"]

1.d4 g6 2.c4 Bg7 3.e4 d6 4.Nc3 Nf6 5.Nf3 O-O 6.Be2 e5 7.dxe5 dxe5 8.Qxd8 
Rxd8 9.Nd5 Nxd5 10.cxd5 c6 11.Bc4 cxd5 12.Bxd5 Nd7 13.Bg5 Re8 14.Nd2 h6 
15.Be3 Nf6 16.Bb3 Ng4 17.Bc5 Bf8 18.Rc1 Be6 19.Ke2 Bxc5 20.Rxc5 Rad8 21.
Rc7 Nxf2 22.Rf1 Nd3 23.Bxe6 Rxe6 24.Rfxf7 Nf4+ 25.Kd1 Red6 26.Rg7+ 1/2-1/2

[Event "3rd Asia-ch"]
[Site "Kolkata IND"]
[Date "2001.08.14"]
[Round "8"]
[White "Safin, Shukhrat"]
[Black "Al-Modiahki, Mohamad"]
[Result "1/2-1/2"]
[WhiteElo "2529"]
[BlackElo "2492"]
[EventDate "2001.08.09"]
[PlyCount "139"]

1.e4 c5 2.Nf3 e6 3.c3 d5 4.exd5 exd5 5.d4 Bd6 6.Bb5+ Nc6 7.dxc5 Bxc5 8.O-O
Ne7 9.Nbd2 O-O 10.Nb3 Bd6 11.Nbd4 Bg4 12.Be2 Re8 13.Be3 Qd7 14.Re1 Rad8 
15.Qc2 Bh5 16.Bd3 Bg6 17.Rad1 Bb8 18.Bg5 f6 19.Bh4 Bxd3 20.Qxd3 Ng6 21.
Rxe8+ Rxe8 22.Bg3 Nge5 23.Nxe5 fxe5 24.Nc2 d4 25.f3 Qf7 26.c4 Ne7 27.b3 
Nf5 28.Re1 Qg6 29.Bf2 Rd8 30.Nb4 Ne7 31.Qxg6 Nxg6 32.Nd3 Kf7 33.Kf1 Rc8 
34.Bg3 Re8 35.Re4 Re6 36.Ke2 Kf6 37.a4 Kf7 38.b4 b6 39.Kd2 Rc6 40.Bxe5 
Nxe5 41.Rxe5 Rxc4 42.Rh5 Bd6 43.Rb5 Bxh2 44.a5 bxa5 45.Rxa5 Rc7 46.f4 Bg1 
47.Ke2 Re7+ 48.Ne5+ Ke8 49.Kd3 Rc7 50.Ke4 d3 51.Kxd3 Rc1 52.Rb5 Bb6 53.Nc4
Rd1+ 54.Ke2 Rd4 55.Nxb6 axb6 56.Ke3 Rd6 57.Ke4 Ke7 58.g4 g6 59.g5 Rc6 60.
f5 gxf5+ 61.Kxf5 Kf7 62.Rd5 Rc4 63.Rd7+ Kg8 64.b5 Rb4 65.Kf6 Rf4+ 66.Ke6 
Rb4 67.Rd5 Kg7 68.Kd6 Rc4 69.Kd7 Kg6 70.Rd6+ 1/2-1/2

[Event "3rd Asia-ch"]
[Site "Kolkata IND"]
[Date "2001.08.14"]
[Round "8"]
[White "Sandipan, Chanda"]
[Black "Mishra, Neeraj Kumar"]
[Result "1/2-1/2"]
[WhiteElo "2427"]
[BlackElo "2293"]
[EventDate "2001.08.09"]
[PlyCount "143"]

1.e4 c5 2.Nf3 e6 3.d4 cxd4 4.Nxd4 Nc6 5.Nc3 Qc7 6.Be2 a6 7.O-O Nf6 8.Be3 
Bb4 9.Na4 O-O 10.c4 Be7 11.Nc3 Ne5 12.Rc1 d6 13.f4 Ng6 14.Qe1 Bd7 15.Qg3 
Kh8 16.f5 Ne5 17.b3 Rae8 18.Kh1 Qb8 19.a4 Bd8 20.Rb1 Ng8 21.Qf2 Bf6 22.
Rbc1 Nc6 23.Rfd1 Be5 24.c5 Nf6 25.cxd6 Bxd6 26.Nxc6 Bxc6 27.Ba7 Qc7 28.Bb6
Qe7 29.Qd4 Ba3 30.Rc2 Nd7 31.Bc7 Rc8 32.Bg3 exf5 33.exf5 Nf6 34.Qe5 Be4 
35.Qxe7 Bxe7 36.Bd3 Bxd3 37.Rxd3 Bb4 38.Rc1 Ne4 39.Ne2 h5 40.Rxc8 Rxc8 41.
Rd4 Nxg3+ 42.hxg3 a5 43.Rd7 Be1 44.Re7 Rc5 45.Kh2 Rxf5 46.Nd4 Rd5 47.Nf3 
Bb4 48.Rxb7 f6 49.Rb5 Rd3 50.Rxh5+ Kg8 51.Rb5 Rxb3 52.Nd4 Ra3 53.Nc2 Rxa4 
54.Nxb4 axb4 55.g4 Kf7 56.Rb6 g5 57.Kg3 Ra3+ 58.Kf2 Rb3 59.g3 Rb2+ 60.Ke3 
b3 61.Ke4 Rb1 62.Kf5 b2 63.Rb7+ Ke8 64.Kg6 Kd8 65.Rb3 Kc7 66.Rb4 Kc6 67.
Rb8 Kc5 68.Rb7 Kc4 69.Rb8 Kd3 70.Rb7 Ke3 71.Rb3+ Ke4 72.Rb4+ 1/2-1/2

[Event "3rd Asia-ch"]
[Site "Kolkata IND"]
[Date "2001.08.14"]
[Round "8"]
[White "Torre, Eugenio"]
[Black "Liang Jinrong"]
[Result "0-1"]
[WhiteElo "2541"]
[BlackElo "2510"]
[EventDate "2001.08.09"]
[PlyCount "93"]

1.e4 c5 2.Nf3 e6 3.c3 Nf6 4.e5 Nd5 5.Bc4 d6 6.d4 cxd4 7.cxd4 Nc6 8.O-O Be7
9.Qc2 Nb6 10.Bb5 Bd7 11.exd6 Bxd6 12.a3 Ne7 13.Bd3 Bc6 14.Ng5 Qc7 15.h3 
Bh2+ 16.Kh1 Bf4 17.Nc3 Bxc1 18.Raxc1 h6 19.Nge4 O-O 20.Qd2 Rad8 21.Rfd1 
Nf5 22.Nf6+ gxf6 23.Bxf5 exf5 24.Qxh6 Nd5 25.Rd3 f4 26.Ne4 Rfe8 27.Ng3 
fxg3 28.Rxg3+ Qxg3 29.fxg3 Re2 30.b4 Rde8 31.Qh5 Nb6 32.Rxc6 bxc6 33.b5 
Rf2 34.bxc6 Re1+ 35.Kh2 Ree2 36.h4 Rxg2+ 37.Kh3 Rh2+ 38.Kg4 Re4+ 39.Kf3 
Rxd4 40.Qf5 Kg7 41.c7 Rc4 42.Ke3 Rc3+ 43.Kd4 Rxc7 44.h5 Rc4+ 45.Kd3 Ra4 
46.g4 Rxa3+ 47.Kd4 0-1

[Event "3rd Asia-ch"]
[Site "Kolkata IND"]
[Date "2001.08.14"]
[Round "8"]
[White "Turpanov, Milan"]
[Black "Nazarov, Anvar"]
[Result "0-1"]
[WhiteElo "2276"]
[BlackElo "2410"]
[EventDate "2001.08.09"]
[PlyCount "90"]

1.d4 d5 2.Bg5 c6 3.e3 Qb6 4.Qc1 Bf5 5.Nf3 Nd7 6.c4 Bxb1 7.Qxb1 dxc4 8.Bxc4
Qb4+ 9.Nd2 e6 10.a3 Qa5 11.Bf4 Ngf6 12.b4 Qd8 13.O-O Be7 14.Nb3 O-O 15.e4 
Nh5 16.Be3 e5 17.Qc2 Bg5 18.Rad1 Bxe3 19.fxe3 Qe7 20.d5 cxd5 21.exd5 Qd6 
22.Qf5 g6 23.Qd3 Kg7 24.Na5 Rab8 25.Bb3 Nb6 26.Rf2 f5 27.Ba2 Nf6 28.Rc2 
Rfd8 29.Qb5 Ng4 30.Rc3 e4 31.g3 Qe5 32.Rdc1 Nxd5 33.Rc5 Qb2 34.R1c2 Qxa3 
35.Nc4 Qxb4 36.Rb2 Qxb5 37.Rbxb5 Ndxe3 38.Nxe3 Nxe3 39.Rc7+ Kh6 40.Rbxb7 
Rxb7 41.Rxb7 Rd1+ 42.Kf2 Rd2+ 43.Kxe3 Rxa2 44.h4 Ra3+ 45.Kf4 Rf3+ 0-1

[Event "3rd Asia-ch"]
[Site "Kolkata IND"]
[Date "2001.08.14"]
[Round "8"]
[White "Wang Zili"]
[Black "Dzhumaev, Marat"]
[Result "1/2-1/2"]
[WhiteElo "2557"]
[BlackElo "2497"]
[EventDate "2001.08.09"]
[PlyCount "149"]

1.e4 g6 2.d4 Bg7 3.Nc3 d6 4.Bg5 c6 5.Qd2 b5 6.f4 b4 7.Nd1 a5 8.Nf3 Nf6 9.
Nf2 d5 10.Bd3 dxe4 11.Nxe4 Bg4 12.Ne5 Bf5 13.Nxf6+ exf6 14.Bxf5 fxg5 15.
Be4 O-O 16.fxg5 Ra7 17.O-O-O c5 18.h4 Re7 19.Bf3 a4 20.h5 Qxd4 21.Qxd4 
cxd4 22.Nd3 Na6 23.hxg6 hxg6 24.Nf4 Nc7 25.Nd3 Rb8 26.Rde1 Rxe1+ 27.Rxe1 
Ne6 28.Bc6 a3 29.bxa3 bxa3 30.Bd5 Nxg5 31.Re7 Rd8 32.Bb3 Bf8 33.Re5 Nh7 
34.Kd1 Nf6 35.Ra5 Bd6 36.Ra4 Ng4 37.Rxd4 Ne3+ 38.Ke2 Nf5 39.Ra4 Re8+ 40.
Kd2 Re7 41.Ra6 Kg7 42.g4 Ng3 43.Bd5 Nf1+ 44.Kc3 Rc7+ 45.Rc6 Ne3 46.Bf3 
Rxc6+ 47.Bxc6 Nxg4 48.Kd4 Kf6 49.c4 Ne5 50.Nxe5 Bxe5+ 51.Kd5 Bf4 52.c5 Ke7
53.Kc4 f5 54.Kb3 Bc1 55.Bb7 Kd7 56.Bd5 g5 57.c6+ Kd6 58.c7 Kxc7 59.Be6 f4 
60.Bg4 Kd6 61.Kc2 Be3 62.Kd3 Ke5 63.Ke2 Ke4 64.Bh5 Bc5 65.Bg6+ Kd4 66.Kf3 
Bd6 67.Bf5 Ke5 68.Bh3 Kd5 69.Bg4 Kc4 70.Bh3 Kd3 71.Bg4 Kc2 72.Bh3 Kb1 73.
Be6 Kb2 74.Kg4 Kc3 75.Kf3 1/2-1/2

[Event "3rd Asia-ch"]
[Site "Kolkata IND"]
[Date "2001.08.15"]
[Round "9"]
[White "Utut Adianto"]
[Black "Mallahi, Amir"]
[Result "0-1"]
[WhiteElo "2598"]
[BlackElo "2416"]
[EventDate "2001.08.09"]
[PlyCount "79"]

1.c4 e6 2.Nf3 d5 3.g3 Nf6 4.Bg2 Be7 5.O-O O-O 6.b3 d4 7.e3 d3 8.Bb2 Nc6 9.
Nc3 e5 10.Nd5 e4 11.Nxe7+ Qxe7 12.Ng5 Bf5 13.f3 Ne5 14.Nxe4 Nxe4 15.fxe4 
Bg6 16.Rf4 Rfe8 17.Qc1 Rad8 18.Qc3 f6 19.Raf1 Nf7 20.h4 c5 21.a3 Nd6 22.e5
fxe5 23.Bd5+ Kh8 24.Qxe5 Qxe5 25.Bxe5 h5 26.Bc3 Re7 27.g4 hxg4 28.Rxg4 Be4
29.Bf7 Rxf7 30.Rxf7 Nxf7 31.Rxe4 Rd7 32.Kg2 Kh7 33.Re6 Nd6 34.Re5 Rf7 35.
Re6 Nf5 36.Kh3 b6 37.a4 Nh6 38.Rd6 Rf1 39.Rd7 Rg1 40.Kh2 0-1